000 00519nam a2200169Ia 4500
999 _c27479
_d27479
003 OSt
005 20201204123535.0
008 190216s9999||||xx |||||||||||||| ||und||
040 _coclc
082 _a894.8123
_bNAI/V
100 _aNair, Vaikom Chandrasekharan
_97212
245 0 _aValiyavante Savakudeeram /
_cVaikom Chandrasekharan Nair
260 _bC I C C Book House,
_c1991.
_aKochi:
300 _a186p
650 _aMalayalam Novel
942 _cBK
_2ddc
_h894.8123
_iNAI/V
_k894.8123
_mNAI/V